00687nam a2200205 a 450000100100000000500170001000800410002702000150006804000250008308200180010810000270012624500800015326000480023330000200028149000310030150000680033265000240040065000260042483000310045000001941420200929170018.0100628s1998 ve r 000 j spa d a9803251597 aDO-SdBNPbspacBNPHU a860.44bR763l1 aRomero, Armandod1944-10aLenguas de Juego :bdivertimientos sobre temas conocidos /carmando romero. aCaracas :bFondo Editorial Tropykos,c1998. a67 p. ;c18 cm.1 aColección paria ;vno.13 aIncluye referencia biográfica del autor en la contracubierta. 4aCuentos colombianos 4aLiteratura colombiana 0aColección paria ;nno.13